| Tag |
First Indicator |
Second Indicator |
Subfields |
| LEADER |
00000cam a2200000 4500 |
| 001 |
in00001459430 |
| 005 |
20151021050841.0 |
| 008 |
920610s1992 miua 001 0 eng d |
| 020 |
|
|
|a 0802806392 :
|c $19.95
|
| 035 |
|
|
|a (OCoLC)25985930
|
| 035 |
|
|
|9 AJD6222AM
|
| 040 |
|
|
|a CLE
|c CLE
|d TXA
|d UtOrBLW
|
| 049 |
|
|
|a TXAM
|
| 090 |
|
|
|a BS417
|b .E35 1992
|
| 245 |
0 |
0 |
|a Eerdmans' handbook to the Bible /
|c edited by David Alexander, Pat Alexander ; consulting editors, David Field [and others].
|
| 250 |
|
|
|a 1st paperback ed.
|
| 264 |
|
1 |
|a Grand Rapids, MI :
|b Eerdmans,
|c 1992.
|
| 300 |
|
|
|a 680 pages :
|b illustrations ;
|c 23 cm.
|
| 336 |
|
|
|a text
|b txt
|2 rdacontent
|
| 337 |
|
|
|a unmediated
|b n
|2 rdamedia
|
| 338 |
|
|
|a volume
|b nc
|2 rdacarrier
|
| 504 |
|
|
|a Includes bibliographical references.
|
| 630 |
0 |
0 |
|a Bible
|v Handbooks, manuals, etc.
|
| 700 |
1 |
|
|a Alexander, David,
|d 1937-2002.
|
| 700 |
1 |
|
|a Alexander, Pat,
|d 1937-
|
| 740 |
0 |
|
|a Handbook to the Bible.
|
| 948 |
|
|
|a c:pk
|
| 999 |
|
|
|a MARS
|
| 999 |
f |
f |
|s 57e1c222-9bb2-3e77-b504-47248fbd12f9
|i c1a0fe88-cf72-36f3-ae40-a3f6958090ee
|t 0
|
| 952 |
f |
f |
|p normal
|a Texas A&M University
|b College Station
|c Sterling C. Evans Library
|d Evans: Library Stacks
|t 0
|e BS417 .E35 1992
|h Library of Congress classification
|i unmediated -- volume
|m A14823931196
|
| 998 |
f |
f |
|a BS417 .E35 1992
|t 0
|l Evans: Library Stacks
|